000 00512nam a2200181Ia 4500
999 _c50489
_d50489
001 17438
003 GE_BSU
005 20200226165010.0
008 181216s2003||||enk|||||||||||||| ||eng||
040 _cGE_BSU
041 _aeng
_hgeo
080 _a796.5(479.22) G-37
245 _aGeorgia /
_bMonuments and Tourist Routs.
264 _c2003.
653 _a საქართველო
653 _aძეგლები და ტურისტული მარშრუტები
942 _cBK
_2udc